Départements les plus proches de New York - Statistiques

Statistiques générales
  • Ce quiz a été pris 45 fois
  • Le résultat moyen est 8 sur 10
Statistiques - réponses
Distance Département % Correct
3 108 km Martinique
91%
5 311 km Finistère
88%
2 927 km Guadeloupe
88%
5 422 km Morbihan
86%
4 348 km Guyane
84%
5 407 km Côtes-d'Armor
81%
5 526 km Loire-Atlantique
79%
5 512 km Ille-et-Vilaine
70%
5 488 km Manche
67%
5 558 km Calvados
56%
Aucun quiz correspondant
Distribution des résultats
% des personnes avec chaque résultat
Percentile par nombre de réponses
Votre historique - résultats
Vous n’avez pas pris ce quiz